<?xml version="1.0" encoding="UTF-8"?>
<record
    xmlns:xsi="http://www.w3.org/2001/XMLSchema-instance"
    xsi:schemaLocation="http://www.loc.gov/MARC21/slim http://www.loc.gov/standards/marcxml/schema/MARC21slim.xsd"
    xmlns="http://www.loc.gov/MARC21/slim">

  <leader>03390nam a2200385 i 4500</leader>
  <controlfield tag="001">000017895</controlfield>
  <controlfield tag="003">DO-SdBNP</controlfield>
  <controlfield tag="005">20260224090006.0</controlfield>
  <controlfield tag="007">ta</controlfield>
  <controlfield tag="008">100407s1974    dr            000 e spa d</controlfield>
  <datafield tag="040" ind1=" " ind2=" ">
    <subfield code="a">DO-SdBNP</subfield>
    <subfield code="b">spa</subfield>
    <subfield code="c">BNPHU</subfield>
    <subfield code="e">rda</subfield>
  </datafield>
  <datafield tag="041" ind1=" " ind2=" ">
    <subfield code="a">spa</subfield>
  </datafield>
  <datafield tag="082" ind1=" " ind2="4">
    <subfield code="a">RD864.42</subfield>
    <subfield code="b">H519d</subfield>
    <subfield code="2">22</subfield>
  </datafield>
  <datafield tag="100" ind1="1" ind2=" ">
    <subfield code="a">Henr&#xED;quez Ure&#xF1;a, Pedro,</subfield>
    <subfield code="d">1884-1946   </subfield>
    <subfield code="e">autor</subfield>
    <subfield code="4">aut.</subfield>
    <subfield code="9">1718</subfield>
  </datafield>
  <datafield tag="245" ind1="1" ind2="0">
    <subfield code="a">De mi patria /</subfield>
    <subfield code="c">Pedro Henr&#xED;quez Ure&#xF1;a ; selecci&#xF3;n, juicios, presentaci&#xF3;n y notas de Jorge Tena Reyes.</subfield>
  </datafield>
  <datafield tag="264" ind1=" " ind2=" ">
    <subfield code="a">Santo Domingo, Rep&#xFA;blica Dominicana :  </subfield>
    <subfield code="b">Secretar&#xED;a de Educaci&#xF3;n,</subfield>
    <subfield code="c">1974.</subfield>
  </datafield>
  <datafield tag="300" ind1=" " ind2=" ">
    <subfield code="a">418 p&#xE1;ginas ;</subfield>
    <subfield code="c">21 cm.</subfield>
  </datafield>
  <datafield tag="336" ind1=" " ind2=" ">
    <subfield code="a">texto</subfield>
    <subfield code="b">txt</subfield>
    <subfield code="2">rdacontent</subfield>
  </datafield>
  <datafield tag="337" ind1=" " ind2=" ">
    <subfield code="a">sin mediaci&#xF3;n</subfield>
    <subfield code="b">n</subfield>
    <subfield code="2">rdamedia</subfield>
  </datafield>
  <datafield tag="338" ind1=" " ind2=" ">
    <subfield code="a">volumen</subfield>
    <subfield code="b">nc</subfield>
    <subfield code="2">rdacarrier</subfield>
  </datafield>
  <datafield tag="490" ind1="0" ind2=" ">
    <subfield code="a">Biblioteca Pedro Henr&#xED;quez Ure&#xF1;a</subfield>
    <subfield code="v">3</subfield>
  </datafield>
  <datafield tag="500" ind1=" " ind2=" ">
    <subfield code="a">Incluye referencias bibliogr&#xE1;ficas y notas al pie de p&#xE1;ginas</subfield>
  </datafield>
  <datafield tag="504" ind1=" " ind2=" ">
    <subfield code="a">Bibliograf&#xED;a: p&#xE1;ginas 385-387</subfield>
  </datafield>
  <datafield tag="505" ind1="0" ind2=" ">
    <subfield code="a">I.- Presentaci&#xF3;n, juicios y notas / Jorge Tena Reyes -- II.- Dominicanidad de Pedro Henr&#xED;quez Ure&#xF1;a / Emilio Rodr&#xED;guez Demorizi -- III.- Ensayos : Jos&#xE9; Joaqu&#xED;n P&#xE9;rez (1845-1900) -- La sociolog&#xED;a de Hostos -- Gast&#xF3;n Fernando Deligne -- Vida intelectual de Santo Domingo -- Literatura dominicana -- Bibliograf&#xED;a literaria de Santo Domingo -- Rese&#xF1;a cultural -- Las literaturas iberoamericanas: La Rep&#xFA;blica Dominicana -- Palabras antillanas en el diccionario de la academia -- El enigma del aje -- El idioma espa&#xF1;ol y la historia pol&#xED;tica en Santo Domingo -- La emancipaci&#xF3;n y primer per&#xED;odo de la vida independiente en la isla de Santo Domingo -- Historia contempor&#xE1;nea de la isla de Santo Domingo -- IV.- Art&#xED;culos : Virginia Elena Ortea -- Hostos -- La muerte de Santo Domingo -- Salom&#xE9; Ure&#xF1;a de Henr&#xED;quez -- Garc&#xED;a Godoy -- Apuntes sobre poetas de la Antillas -- Primer libro de escritores americanos -- H&#xE9;roes de sacrificio -- Antolog&#xED;as dominicanas -- Casa de apostoles -- La Catedral.</subfield>
  </datafield>
  <datafield tag="505" ind1="0" ind2=" ">
    <subfield code="a">V.- Labor Nacionalista : La Rep&#xFA;blica Dominicana -- Hacienda y diplomacia -- Desalojo de los pueblos d&#xE9;biles --Memorandum sobre Santo Domingo -- El Dr. Henr&#xED;quez en la Universidad de Minnesota -- My country This of thee (Mi pa&#xED;s, es de t&#xED;) -- M&#xE9;xico y el panamericanismo -- VI.- Epistolario: Literatura hist&#xF3;rica -- Sobre Deligne -- Un libro! Carta a Enr&#xED;que AP. Henr&#xED;quez -- Acerca de una obra de Fl&#xE9;rida de Nolasco -- VII.- Varios: Breves nociones de filosof&#xED;a -- Cultura antigua de Santo Domingo -- Palabras ind&#xED;genas -- P&#xE1;gina de historia -- Woss y Gil y los Pinos del Ni&#xE1;gara -- Palabras del superintendente general de ense&#xF1;anza, Dr. Pedro Henr&#xED;quez Ure&#xF1;a, en la inauguraci&#xF3;n del mausoleo de Luisa Ozama Pellerano de Henr&#xED;quez, 28 de marzo de 1933 -- La canci&#xF3;n fugitiva -- Declaraciones de Pedro Henr&#xED;quez Ure&#xF1;a en Puerto Rico, sobre nuestra literatura -- Lo agradece pero lo lamenta -- Palabras en la investidura de bachilleres...</subfield>
  </datafield>
  <datafield tag="590" ind1=" " ind2=" ">
    <subfield code="a">Inventariado, 2020/VM</subfield>
  </datafield>
  <datafield tag="600" ind1="1" ind2="0">
    <subfield code="a">Henr&#xED;quez Ure&#xF1;a, Pedro,</subfield>
    <subfield code="d">1884-1946   </subfield>
    <subfield code="x">Cr&#xED;tica e interpretaci&#xF3;n </subfield>
    <subfield code="9">1718</subfield>
  </datafield>
  <datafield tag="650" ind1=" " ind2="4">
    <subfield code="a">Ensayos dominicanos</subfield>
    <subfield code="9">65</subfield>
  </datafield>
  <datafield tag="650" ind1=" " ind2="4">
    <subfield code="a">Intelectuales</subfield>
    <subfield code="z">Rep&#xFA;blica Dominicana</subfield>
    <subfield code="9">1721</subfield>
  </datafield>
  <datafield tag="650" ind1=" " ind2="4">
    <subfield code="a">Cultura</subfield>
    <subfield code="z">Rep&#xFA;blica Dominicana</subfield>
    <subfield code="9">1983</subfield>
  </datafield>
  <datafield tag="650" ind1=" " ind2="4">
    <subfield code="a">Literatura dominicana.</subfield>
    <subfield code="9">67</subfield>
  </datafield>
  <datafield tag="700" ind1="1" ind2=" ">
    <subfield code="a">Tena Reyes, Jorge,</subfield>
    <subfield code="e">compilador</subfield>
    <subfield code="4">comp.</subfield>
    <subfield code="9">8252</subfield>
  </datafield>
  <datafield tag="910" ind1=" " ind2=" ">
    <subfield code="a">Validado. Control de calidad EMS</subfield>
  </datafield>
  <datafield tag="942" ind1=" " ind2=" ">
    <subfield code="2">ddc</subfield>
    <subfield code="c">LBS1</subfield>
  </datafield>
  <datafield tag="952" ind1=" " ind2=" ">
    <subfield code="0">0</subfield>
    <subfield code="1">0</subfield>
    <subfield code="2">ddc</subfield>
    <subfield code="5">6</subfield>
    <subfield code="7">0</subfield>
    <subfield code="8">DS</subfield>
    <subfield code="a">BNPHU</subfield>
    <subfield code="b">BNPHU</subfield>
    <subfield code="c">HD</subfield>
    <subfield code="d">2011-09-01</subfield>
    <subfield code="l">0</subfield>
    <subfield code="o">BNPHU DS RD864.42 H519d</subfield>
    <subfield code="p">17895-30</subfield>
    <subfield code="r">2020-06-25</subfield>
    <subfield code="t">e.3</subfield>
    <subfield code="w">2020-06-25</subfield>
    <subfield code="y">LBS1</subfield>
  </datafield>
  <datafield tag="952" ind1=" " ind2=" ">
    <subfield code="0">0</subfield>
    <subfield code="1">0</subfield>
    <subfield code="2">ddc</subfield>
    <subfield code="5">1</subfield>
    <subfield code="7">0</subfield>
    <subfield code="8">PD</subfield>
    <subfield code="a">BNPHU</subfield>
    <subfield code="b">BNPHU</subfield>
    <subfield code="c">HD</subfield>
    <subfield code="d">2010-04-07</subfield>
    <subfield code="e">Donaci&#xF3;n</subfield>
    <subfield code="l">0</subfield>
    <subfield code="o">BNPHU PD RD864.42 H519d</subfield>
    <subfield code="p">17895-10</subfield>
    <subfield code="r">2020-06-25</subfield>
    <subfield code="w">2020-06-25</subfield>
    <subfield code="y">LBS1</subfield>
    <subfield code="z">Perteneci&#xF3; a la biblioteca personal de A&#xED;da Cartagena Portalat&#xED;n.</subfield>
  </datafield>
  <datafield tag="952" ind1=" " ind2=" ">
    <subfield code="0">0</subfield>
    <subfield code="1">0</subfield>
    <subfield code="2">ddc</subfield>
    <subfield code="5">1</subfield>
    <subfield code="7">0</subfield>
    <subfield code="8">PD</subfield>
    <subfield code="a">BNPHU</subfield>
    <subfield code="b">BNPHU</subfield>
    <subfield code="c">HD</subfield>
    <subfield code="d">2010-04-07</subfield>
    <subfield code="l">0</subfield>
    <subfield code="o">BNPHU PD RD864.42 H519d</subfield>
    <subfield code="p">17895-20</subfield>
    <subfield code="r">2020-06-25</subfield>
    <subfield code="t">e.2</subfield>
    <subfield code="w">2020-06-25</subfield>
    <subfield code="y">LBS1</subfield>
  </datafield>
  <datafield tag="952" ind1=" " ind2=" ">
    <subfield code="0">0</subfield>
    <subfield code="1">0</subfield>
    <subfield code="2">ddc</subfield>
    <subfield code="5">6</subfield>
    <subfield code="7">0</subfield>
    <subfield code="8">DS</subfield>
    <subfield code="a">BNPHU</subfield>
    <subfield code="b">BNPHU</subfield>
    <subfield code="c">HD</subfield>
    <subfield code="d">2026-02-23</subfield>
    <subfield code="e">Donado por la Presidencia de la Rep&#xFA;blica Dominicana 2023.</subfield>
    <subfield code="l">0</subfield>
    <subfield code="o">BNPHU DS RD864.42 H519d</subfield>
    <subfield code="p">2026-1489</subfield>
    <subfield code="r">2026-02-23</subfield>
    <subfield code="t">e.4</subfield>
    <subfield code="w">2026-02-23</subfield>
    <subfield code="y">LBS1</subfield>
    <subfield code="z">Pertenecio a la biblioteca personal de Emilio Cordero Michel.</subfield>
  </datafield>
  <datafield tag="952" ind1=" " ind2=" ">
    <subfield code="0">0</subfield>
    <subfield code="1">0</subfield>
    <subfield code="2">ddc</subfield>
    <subfield code="5">6</subfield>
    <subfield code="7">0</subfield>
    <subfield code="8">DS</subfield>
    <subfield code="a">BNPHU</subfield>
    <subfield code="b">BNPHU</subfield>
    <subfield code="c">HD</subfield>
    <subfield code="d">2026-02-23</subfield>
    <subfield code="e">Donado por Ilonka Nacidit Perdomo</subfield>
    <subfield code="l">0</subfield>
    <subfield code="o">BNPHU DS RD864.42 H519d</subfield>
    <subfield code="p">2026-1490</subfield>
    <subfield code="r">2026-02-23</subfield>
    <subfield code="t">e.5</subfield>
    <subfield code="w">2026-02-23</subfield>
    <subfield code="y">LBS1</subfield>
  </datafield>
  <datafield tag="999" ind1=" " ind2=" ">
    <subfield code="c">17419</subfield>
    <subfield code="d">17419</subfield>
  </datafield>
</record>
